| 000 | 01326nam a22002537a 4500 | ||
|---|---|---|---|
| 001 | 3643 | ||
| 003 | FISKH | ||
| 005 | 20251110121011.0 | ||
| 008 | 240402b cb ||||| |||| 00| 0 eng d | ||
| 020 | _a9789995001506 | ||
| 040 |
_aFISKH _bkhr _cFISKH _dFISKH |
||
| 050 | _aPZ7 | ||
| 082 | _a512.74 | ||
| 100 | _aKimsrun, Inn | ||
| 245 | _aសៀវភៅហ្វឹកហាត់គណិតវិទ្យាថ្នាក់ទី ៤ / | ||
| 260 |
_aភ្នំពេញ : _bគ្រិះស្ថានបោះពុម្ពនិងចែកផ្សាយ, _c2013. |
||
| 300 |
_a84 pages : _billustrations ; _c21 cm |
||
| 520 | _aសៀវភៅហ្វឹកហាត់គណិតវិទ្យាថ្នាក់ទី ៤ សម្រាប់ហ្វឹកហាត់គណិតវិទ្យាថ្នាក់ទី ៤ បណ្ដុះទម្លាប់ការនៃការគិត និងធ្វើលំហាត់បន្ថែមនៅផ្ទះដល់កុមារ ។ | ||
| 520 | _a4th grade math workbook for 4th grade math training to develop children's thinking habits and extra homework. | ||
| 650 | _aគណិត | ||
| 650 | _aMath | ||
| 942 |
_2ddc _cKHB _n0 |
||
| 999 |
_c3643 _d3643 |
||